[Event "Plovdiv Bulgarian op 33rd"]
[Site "Plovdiv"]
[Date "2011.01.30"]
[Round "1"]
[White "Atanasov, Viktor Atanasov"]
[Black "Nevednichy, Vladislav"]
[Result "0-1"]
[WhiteElo "1771"]
[BlackElo "2536"]
[PlyCount "55"]
[EventDate "2011.01.30"]
[EventType "swiss"]
[EventRounds "9"]
[EventCountry "BUL"]
[SourceTitle "CBM 140 Extra"]
[Source "ChessBase"]
[SourceDate "2011.03.01"]
[SourceVersion "1"]
[SourceVersionDate "2011.03.01"]
[SourceQuality "1"]

1. d4 Nf6 2. c4 g6 3. Nf3 Bg7 4. Nc3 0-0 5. e3 d6 6. Be2 Nbd7 7. Bd2 c6 8. Qc2 e5 9. dxe5 dxe5 10. 0-0-0 Qe7 11. h4 Nc5 12. e4 Ne6 13. Bg5 Nxg5 14. hxg5 Nd7 15. Rh4 Re8 16. Rdh1 Nf8 17. Qd2 a6 18. Nd1 f5 19. Ne3 fxe4 20. Rxe4 Bf5 21. Nxf5 gxf5 22. Reh4 e4 23. Ne1 Rad8 24. Qc2 Qxg5+ 25. Kb1 Rd2 26. Rh5 Rxc2 27. Rxg5 Rxb2+ 28. Kc1 0-1